| 000 | 00423cam a2200169ua 4500 | ||
|---|---|---|---|
| 020 | _c7.60 | ||
| 041 |
_aeng _h |
||
| 082 |
_a604 _bBRO/SI |
||
| 100 | _aBrown, Arthur.R . | ||
| 245 |
_aSimple prospective drawing / _cR.Arthur Brown. _hTextual Documents |
||
| 260 |
_aLondon : _bCroshy lockwood and son , _c1962. |
||
| 300 |
_a34 : _b` ; . |
||
| 365 | _a7.60 | ||
| 504 | _a | ||
| 942 | _cBK | ||
| 999 |
_c1757 _d1757 |
||